Konkurencje WCA - Statystyki

Ogólne statystyki
  • Ten quiz został rozwiązany 66 razy
    59 od ostatniego zresetowania
  • Średni wynik to 10 z 17
Statystyki odpowiedzi
Konkurencja % Poprawnych
3x3x3
81%
Megaminx
81%
2x2x2
76%
4x4x4
76%
5x5x5
76%
6x6x6
76%
7x7x7
76%
Clock
76%
Pyraminx
71%
Skewb
62%
Square-1
57%
3x3x3 bez patrzenia
48%
3x3x3 Jedną ręką
48%
4x4x4 Bez patrzenia
38%
5x5x5 Bez patrzenia
33%
3x3x3 Multi-Blind
29%
3x3x3 liczba ruchów
14%
Nie znaleziono quizów pasujących do podanych kryteriów
Rozkład punktacji
Procent ludzi z każdym wynikiem
Percentyl według liczby udzielonych odpowiedzi
Twoja historia wyników
Nie rozwiązałeś tego quizu od ostatniego zresetowania